Yu-Gi-Oh Ace Karten - Statistiken

Allgemein
  • Dieses Quiz wurde 169 mal gespielt
  • Das Durchschnittsergebnis liegt bei 4 aus 8
Antwortstatistiken
Hint Antwort % Korrekt
Yami Yugi Dunkler Magier
91%
Seto Kaiba Blauäugiger Weißer Drache
79%
Joey Wheeler Rotäugiger Schwarzer Drache
53%
Pegasus Toon Welt
41%
Mai Valentine Harpyie
37%
Yami Marik Der Geflügelte Drache von Ra
21%
Dartz Das Siegel von Orichalcos
17%
Yami Bakura Dunkle Todesfurcht
15%
Keine übereinstimmenden Quizze gefunden
Verteilung der Resultate
Anzahl Personen mit jedem Resultat
Perzentil nach korrekt beantworteten Fragen
Ihre Resultats-Entwicklung
Sie haben dieses Quiz noch nicht gespielt